000 00572nam a2200193Ia 4500
005 20260114185804.0
008 008 260114s9999 xx 000 0 eng d
020 _a9781350017283
037 _aEBOOK
040 _aCRL
_beng
_cCRL
041 _aeng
_2eng
084 _qCRL
100 _aEdmund Richardson
_9874407
245 0 _aClassics in Extremis The Edges of Classical Reception
260 _bBloomsbury
_c2018
856 _uhttps://doi.org/10.5040/9781350017283?locatt=label:secondary_bloomsburyCollections
942 _cEBOOK
999 _c1473341
_d1473341